| 000 | 01708cam a22002533a 4500 | ||
|---|---|---|---|
| 001 | 32180 | ||
| 003 | PGUSA | ||
| 005 | 20140828083710.0 | ||
| 008 | 100429s2010||||xxu|||||s|||||000 p eng d | ||
| 040 |
_aPGUSA _beng |
||
| 042 | _adc | ||
| 050 | 4 | _aPT | |
| 100 | 1 | _aRibbius, Gerlacus | |
| 245 | 1 | 0 |
_aEen acht en twintigtal voorwerpen uit de natuurlijke geschiedenis, geschikt voor rederijkers- and nutsvoordrachten, : _bin den trant van de gedichten van den schoolmeester, met een aanbevelend woord van wijlen Mr. J. Van Lennep _h[electronic resource] / _cGerlacus Ribbius |
| 260 |
_bProject Gutenberg, _c2010 |
||
| 505 | 0 | _aDe Uil (Strix flammea) -- De Eend (Anas boschas) -- De Gans (Anas anser) -- De Huismusch (Fringilla domestica) -- De Mol (Talpa Europaea) -- De Elft (Clupea alosa) -- De Vink (Fringilla coelebs) -- De Spreeuw (Sturnus vulgaris) -- De Bloedzuiger (Hirudo medicinalis) -- De Duif (Columba livia) -- De Ezel (Equus asinus) -- De Snoek (Esox lucius) -- De Aap (Simia Silvanus) -- De Kikvorsch (Rana esculenta) -- De Muis (Mus musculus) -- De Spin (Aranea domestica) -- De Kat (Felis domestica) -- De Koe (Vacca of Bos taurus) -- Het Varken (Sus Scrofa domesticus) -- Het Paard (Equus caballus) -- De Ooijevaar (Ciconia alba) -- De Haas (Lepus timidus) -- De Hond (Canis familiaris) -- De Geit (Capra hircus) -- De Kwartel (Tetrao coturnix) -- De Haan (mas) (Gallus domesticus) -- De Hen (femina) (Gallus domesticus) -- Het Schaap (Ovis aries). | |
| 506 | _aPublic domain in the USA. | ||
| 516 | _aElectronic text | ||
| 653 | _aAnimals -- Poetry | ||
| 653 | _aDutch poetry | ||
| 830 | 0 |
_aProject Gutenberg _v32180 |
|
| 856 | 4 | 0 | _uhttp://www.gutenberg.org/ebooks/32180 |
| 942 | _cEB | ||
| 999 |
_c261435 _d261435 |
||